Amalan silvikultur

Bibliographic Details
Main Author: Smith, David Martyn
Other Authors: Mohd. Basri Hamzah
Format: Book
Published: Selangor : Universiti Pertanian Malaysia, , 1994
Edition:Ed. ke-8
Subjects:

MARC

LEADER 00000cam a2200000 7i4500
001 0000003194
005 20050310.0
020 0 0 |a 9679952878 
090 0 0 |a 634.9   |b SMI 
100 0 0 |a Smith, David Martyn 
245 0 0 |a Amalan silvikultur   |c David M. Smith ; penterjemah Mohd Basri Hamzah 
250 0 0 |a Ed. ke-8 
260 0 0 |a Selangor :   |b Universiti Pertanian Malaysia, ,   |c 1994 
300 |a xiv, 508p. ;   |c 23cm. 
650 0 0 |a Forests and forestry 
700 1 1 |a Mohd. Basri Hamzah 
999 |a 0000006133   |b Monograph   |c Open Shelf   |e Default branch